Sports Injuries Guidebook. Athletes' and coaches' resource for identification, treatment, and recovery.

Saved in:
Bibliografiske detaljer
Andre forfattere: Gotlin, Robert S. (Editor)
Format: Bog
Udgivet: Champaign, Illinois, USA: Human Kinetics, 2008.
Fag:
Tags: Tilføj Tag
Ingen Tags, Vær først til at tagge denne postø!

MARC

LEADER 00000nam a22000007a 4500
003 CL-VaPUC
005 20231207115141.0
008 231130t2008 ||||| |||| 00| 0 eng d
999 |c 442645  |d 442643 
020 |a 978-0-7360-6339-5 
040 |c Pontificia Universidad Católica de Valparaíso 
082 |a 617.1027 GOT 2008 
100 1 |a Gotlin, Robert S.  |e editor  |9 886300 
245 |a Sports Injuries Guidebook.  |b Athletes' and coaches' resource for identification, treatment, and recovery. 
260 |a Champaign, Illinois, USA:  |b Human Kinetics,  |c 2008. 
300 |a 288 páginas :  |b ilustraciones.  
500 |a c.1 Donación Liberalia 22-11-2023 
583 |c 20231130  |k Catalogador Asistente 
650 |a Lesiones deportivas  |9 886301  |v Manuales 
942 |2 ddc  |c BK 
952 |0 0  |1 0  |2 ddc  |4 0  |6 617_102700000000000_GOT_2008  |7 0  |8 A  |9 592701  |a BIBCUR  |b BIBCUR  |d 2023-11-30  |e Donación  |i 5659701  |o 617.1027 GOT 2008  |p 5659701  |r 2025-04-22  |t 1  |w 2023-11-30  |y BK  |k KIN